| LEADER | 01685nam a2200253 4500 | ||
|---|---|---|---|
| 999 | |c 8855 |d 8855 | ||
| 082 | |a 306.09597 |b PH105TH | ||
| 100 | |a Phan Thuận Thảo | ||
| 245 | |a Tục lệ cưới gả, tang ma người Việt xưa |c Phan Thuận Thảo sưu tầm và biên soạn | ||
| 260 | |a Huế |b Thuận Hóa |c 1999 | ||
| 300 | |a 168 tr. |c 19 cm. | ||
| 520 | |a v.v... | ||
| 653 | |a Văn hóa | ||
| 653 | |a Tục lệ | ||
| 653 | |a Cưới hỏi | ||
| 653 | |a Tang ma | ||
| 653 | |a Việt Nam | ||
| 942 | |2 ddc |c STK0 | ||
| 952 | |0 0 |1 0 |2 ddc |4 0 |6 306_095970000000000_PH105TH |7 0 |8 300 |9 71816 |a qbu |b qbu |c D2 |d 2015-05-01 |g 14000 |o 306.09597 PH105TH |p 8561.c1 |w 2015-05-01 |y STK0 |0 0 |6 306_000000000000000_PH105TH | ||
| 952 | |0 0 |1 0 |2 ddc |4 0 |6 306_095970000000000_PH105TH |7 0 |8 300 |9 71817 |a qbu |b qbu |c D2 |d 2015-05-01 |g 14000 |l 1 |o 306.09597 PH105TH |p 8561.c2 |r 2016-05-06 |s 2016-04-20 |w 2015-05-01 |y STK0 |0 0 |6 306_000000000000000_PH105TH | ||
| 952 | |0 0 |1 0 |2 ddc |4 0 |6 306_095970000000000_PH105TH |7 0 |8 300 |9 71818 |a qbu |b qbu |c D2 |d 2015-05-01 |g 14000 |l 1 |o 306.09597 PH105TH |p 8561.c3 |r 2019-12-27 |s 2019-12-11 |w 2015-05-01 |y STK0 |0 0 |6 306_000000000000000_PH105TH | ||
| 952 | |0 0 |1 0 |2 ddc |4 0 |6 306_095970000000000_PH105TH |7 0 |8 300 |9 71819 |a qbu |b qbu |c D2 |d 2015-05-01 |g 14000 |o 306.09597 PH105TH |p 8561.c4 |w 2015-05-01 |y STK0 |0 0 |6 306_000000000000000_PH105TH | ||
| 952 | |0 0 |1 0 |2 ddc |4 0 |6 306_095970000000000_PH105TH |7 0 |8 300 |9 71820 |a qbu |b qbu |c D2 |d 2015-05-01 |g 14000 |o 306.09597 PH105TH |p 8561.c5 |w 2015-05-01 |y STK0 |0 0 |6 306_000000000000000_PH105TH | ||
| 952 | |0 0 |1 0 |2 ddc |4 0 |6 306_095970000000000_PH105TH |7 0 |8 300 |9 99931 |a qbu |b qbu |c D2 |d 2015-11-26 |g 14000 |l 2 |o 306.09597 PH105TH |p 8561.c6 |r 2018-05-28 |s 2018-05-25 |w 2015-11-26 |y STK0 |0 0 |6 306_000000000000000_PH105TH | ||